LIBRARY & INFORMATION CENTRE, KCAET, TAVANUR

ONLINE PUBLIC ACCESS CATALOGUE (OPAC)

Soil and water conservation for productivity and environmental protection / (Record no. 18072)

MARC details
000 -LEADER
fixed length control field 00660cam a2200217 i 4500
003 - CONTROL NUMBER IDENTIFIER
control field OSt
008 - FIXED-LENGTH DATA ELEMENTS--GENERAL INFORMATION
fixed length control field 800110s1980 njua b 001 0 eng
020 ## - INTERNATIONAL STANDARD BOOK NUMBER
ISBN 0138221553 :
041 ## - LANGUAGE CODE
Language code of text/sound track or separate title eng
082 00 - DEWEY DECIMAL CLASSIFICATION NUMBER
Classification number 631.45
Item number TRO/SO
100 1# - MAIN ENTRY--AUTHOR NAME
Personal name Troeh, Frederick R.
245 10 - TITLE STATEMENT
Title Soil and water conservation for productivity and environmental protection /
260 ## - PUBLICATION, DISTRIBUTION, ETC. (IMPRINT)
Place of publication Englewood Cliffs, N.J. :
Name of publisher Prentice-Hall,
Year of publication c1980.
300 ## - PHYSICAL DESCRIPTION
Number of Pages xv, 718 p. :
Other physical details ill. ;
650 #0 - SUBJECT ADDED ENTRY--TOPICAL TERM
Topical Term Soil conservation.
650 #0 - SUBJECT ADDED ENTRY--TOPICAL TERM
Topical Term Water conservation.
650 #0 - SUBJECT ADDED ENTRY--TOPICAL TERM
Topical Term Soil erosion.
700 1# - ADDED ENTRY--PERSONAL NAME
Personal name Hobbs, J. Arthur
700 1# - ADDED ENTRY--PERSONAL NAME
Personal name Donahue, Roy Luther,
942 ## - ADDED ENTRY ELEMENTS (KOHA)
Koha item type Books
Holdings
Withdrawn status Lost status Damaged status Home library Current library Date acquired Full call number Accession Number Koha item type
      KAUAET KAUAET 26/02/2024 631.45 TRO/SO 23157 Books
free website counter